Name One Between Quiz Stats

 Plays Quiz Updated Nov 1, 2017

Also try: Blitz: Ends in 'O'
Challenge
Share
Tweet
Embed
Score 0/20 Timer 08:00
3 Plays Today
First Item ...Name One That Comes Between... % Correct
Months
April
???
99.3%
Notes of the Scale
Do
???
93.9%
Planets
Earth
???
92.1%
Starbucks Sizes
Short
???
81.7%
Poker Ranks
Three of a Kind
???
74.8%
Harry Potter Books
Chamber of Secrets
???
66.2%
Sporcle Categories, Alphabetically
Geography
???
63.6%
US Presidents
Jefferson
???
59.8%
Zodiac Signs
Leo
???
55.6%
''12 Days of Christmas''
Pipers Piping
???
50.1%
First Item ...Name One That Comes Between... % Correct
Radio Alphabet
Lima
???
43.2%
Beatles Studio Albums
Magical Mystery Tour
???
42.9%
Greek Letters
Omicron
???
34.5%
Wives of Henry VIII
Anne Boleyn
???
31.8%
Old Testament Books
Job
???
29%
Boxing Classifications
Middleweight
???
28%
US States by Admission
Florida
???
25.1%
Elements
Iron
???
23.8%
Monopoly Squares
Ventnor Avenue
???
20.9%
Beef Grades
Prime
???
19.7%

You're not logged in!

Compare scores with friends on all Sporcle quizzes.
OR
Log In

You Might Also Like...

Show Comments

Extras

Top Quizzes Today


Score Distribution

Your Account Isn't Verified!

In order to create a playlist on Sporcle, you need to verify the email address you used during registration. Go to your Sporcle Settings to finish the process.

Report this User

Report this user for behavior that violates our Community Guidelines.

Details: